| 000 | 00544nam a2200193Ia 4500 | ||
|---|---|---|---|
| 005 | 20250923150244.0 | ||
| 008 | 008 250917s9999 xx 000 0 eng d | ||
| 037 | _aTextual | ||
| 040 |
_aDSWL _beng _cDSWL |
||
| 041 |
_aeng _2eng |
||
| 084 |
_aW:(Q:3), P7 _qDSWL |
||
| 100 |
_aScott, P _9843958 |
||
| 245 | 0 |
_aBlackwell companion to political theology _cby P Scott |
|
| 260 |
_aUSA _bBlackwell _c2007 |
||
| 300 | _a566 p. | ||
| 650 |
_a W T CAVANAUGH _9843959 |
||
| 942 |
_cTEXL _hW:(Q:3), P7 |
||
| 999 |
_c1461353 _d1461353 |
||